| 000 | 00494nam a2200169Ia 4500 | ||
|---|---|---|---|
| 008 | 230917s9999||||xx |||||||||||||| ||und|| | ||
| 020 | _cGBP108 | ||
| 040 |
_e210847 _aMAIN |
||
| 041 | _aEnglish | ||
| 082 | _a572.86 B239O | ||
| 100 | _aBarh, Debmalya, ed. | ||
| 245 | 0 | _aOMICS: Applications in biomedical agricultural and environmental sciences | |
| 260 |
_aBoca Raton _bCRC Press _c2013 |
||
| 300 | _axxi, 691 p. | ||
| 500 | _a3537 11/10/2013 13108055 15/10/2013 Main Budget | ||
| 942 | _cBK | ||
| 999 |
_c31964 _d31964 |
||